000 00340nam a22001457a 4500
008 230612b ||||| |||| 00| 0 eng d
020 _a9780763756376
041 _aeng
080 _2SECOND EDITION
_a618
082 _a618SCH
100 _a15
101 _aGJIK
245 _aWOMEN'S GYNECOLOGIC HEALTH
_cSCHUILING .D.K
942 _2udc
_cBK
999 _c59941
_d59941